Statistics for Countries that recognize the Armenian Genocide

Click here to take the quiz!

General Stats

  • This quiz has been taken 565 times
    (527 since last reset)
  • The average score is 29 of 39

Answer Stats

ContinentCountry% Correct
Asia/ EuropeRussia
93%
North AmericaUnited States of America
93%
EuropeFrance
91%
South AmericaBrazil
90%
North AmericaCanada
90%
EuropeUnited Kingdom
90%
South AmericaArgentina
89%
EuropeGermany
89%
OceaniaAustralia
87%
EuropeGreece
85%
EuropeSpain
85%
EuropeItaly
82%
EuropeSweden
82%
North AmericaMexico
81%
EuropePortugal
81%
South AmericaChile
78%
EuropeAustria
77%
EuropeBelgium
77%
EuropePoland
77%
South AmericaUruguay
77%
AsiaIran
73%
South AmericaVenezuela
73%
South AmericaBolivia
72%
EuropeSwitzerland
71%
EuropeBulgaria
70%
South AmericaParaguay
70%
EuropeUkraine
70%
Europethe Netherlands
69%
EuropeCzech Republic
66%
AsiaIsrael
64%
EuropeSlovakia
64%
AsiaArmenia
63%
EuropeLithuania
61%
EuropeCyprus
60%
EuropeLuxembourg
60%
EuropeVatican City
60%
AsiaSyria
55%
AsiaLebanon
50%
AfricaLibya
33%

Score Distribution

Percentile by Number Answered

Percent of People with Each Score

Your Score History

You have not taken this quiz since the last reset